000 00592nam a2200157Ia 4500
008 230719s9999 xx 000 0 und d
041 _aeng
082 _a342.540853
_bNAB
100 _aNational Association For The Blind Sir Jamshedji Duggan Braille Press
_9203449
245 _aRight To Information Act 1995
260 _c2009
_bNational Association For The Blind Sir Jamshedji Duggan Braille Press
300 _a23
365 _cRs.
_b48.00
700 _aNational Association For The Blind Sir Jamshedji Duggan Braille Press
_9203449
906 _dO:0636813-Feb-2019B:13101-Jan-2019
_cGENRL
999 _c353644
_d353644